Diari de Barcelona
Descripción Física:
Il. ; 47 cm
MARC
| LEADER | 00000nam a2200000Ia 4500 | ||
|---|---|---|---|
| 001 | |||
| 008 | 160829s9999 xx 000 0 cat d | ||
| 008 | 160829s9999 xx 000 0 cat d | ||
| 080 | |a Revistes | ||
| 245 | |a Diari de Barcelona | ||
| 260 | |a Barcelona : |b Publicacions de Barcelona, [1936] - 1993 | ||
| 300 | |a Il. ; |c 47 cm | ||
| 362 | |a Any 196, núm. 1 (14 març 1987)-any 202 (29 abr. 1993) | ||
| 590 | |a Diària. | ||
| 590 | |a Reprèn el període: 22 jul. 1936-22 jul. 1937. | ||
| 590 | |a Continuació de: Diario de Barcelona. | ||
| 590 | |a Continuada per: Nou diari. | ||
| 590 | |a Manté la numeració. | ||
| 590 | |a ES TROBA A LA PDL DE MANERA PROVISIONAL (fins que acabin les obres del Dipòsit B) | ||
| 866 | |a 1987 (maig)-1993 (des.) | ||
| 901 | |a Arxiu | ||
| 942 | |n 1 | ||
| 952 | |0 0 |1 0 |4 0 |6 REVISTES |7 1 |9 49268 |a Arxiu |b Arxiu |d 2016-12-01 |l 0 |o Revistes |r 2016-12-01 00:00:00 |w 2016-12-01 |y ARXIU | ||
| 999 | |c 53108 |d 53108 | ||